Linear and interface circuits applications /

Guardado en:
Autor Principal: Pippenger, D. E.
Autores Corporativos: Field Applications Engineering., Linear Product Engineering., Texas Instruments Incorporated.
Otros Autores: Tobaben, E. J., McCollum. (Contribuidor)
Formato: Libro
Idioma:English
Publicado: [s.l.] : Texas Instruments Incorporated, c1985.
Materias:
Etiquetas: Agregar Etiqueta
Sin Etiquetas, Sea el primero en etiquetar este registro!
LEADER 00980nam a22002415a 4500
001 EIQ.libpla003976
008 080418s1985####xx#a##########000#0#eng#d
005 20080418194116.0
245 1 0 |a Linear and interface circuits applications /  |c D.E. Pippenger and E.J. Tobaben ; contributors, C.L. McCollum, Field Applications Engineering, Linear Product Engineering. 
260 |a [s.l.] :  |b Texas Instruments Incorporated,  |c c1985. 
300 |a v. :  |b il., tablas ;  |c 24 cm. 
505 1 |a vol. 2. Line circuits, display drivers. 
020 |a 0895121859 (v. 2) 
100 1 |a Pippenger, D. E. 
700 1 |a Tobaben, E. J. 
700 1 |a McCollum.  |4 ctb 
710 2 |a Field Applications Engineering. 
710 2 |a Linear Product Engineering. 
710 2 |a Texas Instruments Incorporated. 
650 4 |a Electrónica  |x Diseño de circuitos. 
650 4 |a Electrónics  |x Design of circuits. 
040 |a AR-BbSID  |b spa  |c AR-BbSID 
859 |a AR-BbSID  |b BIB. PLAPIQUI  |h 621.381 32  |i P 662  |p 3847  |v Vol. 2  |3 Vol. 2